000 00458nam a22001697a 4500
999 _c41786
_d41786
003 OSt
005 20221109123005.0
008 221109b ||||| |||| 00| 0 eng d
040 _coclc
082 _a581.2
_bMEH/P
100 _94796
_aMehrotra, R S
245 _aPlant Pathology /
_c RS Mehrotra
250 _a3rd ed.
260 _aChennai:
_bMc grawhill,
_c2017.
300 _a886 p
942 _2ddc
_cBK
_h581.2
_iMEH/P
_k581.2
_mMEH/P